Frida / (Record no. 20782)

MARC details
000 -LEADER
fixed length control field 01584nam a2200445 a 4500
001 - CONTROL NUMBER
control field sjds206029
003 - CONTROL NUMBER IDENTIFIER
control field sjds
005 - DATE AND TIME OF LATEST TRANSACTION
control field 20240110094735.0
008 - FIXED-LENGTH DATA ELEMENTS--GENERAL INFORMATION
fixed length control field 020521t20022002nyua j 000 0bspa d
020 ## - INTERNATIONAL STANDARD BOOK NUMBER
International Standard Book Number 0439331188 (pbk.)
020 ## - INTERNATIONAL STANDARD BOOK NUMBER
International Standard Book Number 9780439331180 (pbk.)
Terms of availability $6.99
020 ## - INTERNATIONAL STANDARD BOOK NUMBER
International Standard Book Number 0439331188 (pbk.)
Terms of availability $6.99
035 ## - SYSTEM CONTROL NUMBER
System control number (OCoLC)48970674
040 ## - CATALOGING SOURCE
Original cataloging agency PWmBRO
Modifying agency UtOrBLW
Transcribing agency sjds
041 ## - LANGUAGE CODE
Language code of text/sound track or separate title spa
Language code of original eng
049 ## - LOCAL HOLDINGS (OCLC)
Holding library IFAB
099 ## - LOCAL FREE-TEXT CALL NUMBER (OCLC)
Classification number 92
Filing suffix 2002
100 1# - MAIN ENTRY--PERSONAL NAME
Personal name Winter, Jonah,
Dates associated with a name 1962-
Relator term author.
245 10 - TITLE STATEMENT
Title Frida /
Statement of responsibility, etc. por Jonah Winter ; illustrado por Ana Juan ; traducido por Teresa Mlawer.
260 ## - PUBLICATION, DISTRIBUTION, ETC. (IMPRINT)
Place of publication, distribution, etc. New York :
Name of publisher, distributor, etc. Arthur A. Levine Books,
Date of publication, distribution, etc. c2002
264 #1 - PRODUCTION, PUBLICATION, DISTRIBUTION, MANUFACTURE, AND COPYRIGHT NOTICE
Place of production, publication, distribution, manufacture New York :
Name of producer, publisher, distributor, manufacturer Arthur A. Levine Books,
Date of production, publication, distribution, manufacture, or copyright notice [2002]
264 #4 - PRODUCTION, PUBLICATION, DISTRIBUTION, MANUFACTURE, AND COPYRIGHT NOTICE
Date of production, publication, distribution, manufacture, or copyright notice c2002
300 ## - PHYSICAL DESCRIPTION
Extent 1 volume (unpaged) :
Other physical details color illustrations ;
Dimensions 25 x 29 cm
336 ## - CONTENT TYPE
Content type term text
Content type code txt
Source rdacontent
337 ## - MEDIA TYPE
Media type term unmediated
Media type code n
Source rdamedia
338 ## - CARRIER TYPE
Carrier type term volume
Carrier type code nc
Source rdacarrier
520 ## - SUMMARY, ETC.
Summary, etc. Story of how and why Frida learned to paint in Mexico, and why her paintings are like no other.
521 8# - TARGET AUDIENCE NOTE
Target audience note AD 280
Source Lexile
526 0# - STUDY PROGRAM INFORMATION NOTE
Program name Accelerated Reader
Interest level LG
Reading level 3.4
Title point value 0.5
Public note 56500SP
600 10 - SUBJECT ADDED ENTRY--PERSONAL NAME
Personal name Kahlo, Frida
Form subdivision Juvenile literature.
600 17 - SUBJECT ADDED ENTRY--PERSONAL NAME
Personal name Kahlo, Frida
Form subdivision Literatura juvenil.
Source of heading or term bidex
650 #0 - SUBJECT ADDED ENTRY--TOPICAL TERM
Topical term or geographic name as entry element Painters
Geographic subdivision Mexico
Form subdivision Biography
-- Juvenile literature.
650 #0 - SUBJECT ADDED ENTRY--TOPICAL TERM
Topical term or geographic name as entry element Artists
Form subdivision Juvenile literature.
650 #7 - SUBJECT ADDED ENTRY--TOPICAL TERM
Topical term or geographic name as entry element Pintores
Geographic subdivision México
Form subdivision Biografía
-- Literatura juvenil.
Source of heading or term bidex
650 #7 - SUBJECT ADDED ENTRY--TOPICAL TERM
Topical term or geographic name as entry element Artistas
Form subdivision Literatura juvenil.
Source of heading or term bidex
700 1# - ADDED ENTRY--PERSONAL NAME
Personal name Kahlo, Frida.
700 1# - ADDED ENTRY--PERSONAL NAME
Personal name Juan, Ana,
Relator term illustrator.
700 1# - ADDED ENTRY--PERSONAL NAME
Personal name Mlawer, Teresa.
942 ## - ADDED ENTRY ELEMENTS (KOHA)
Koha item type Libro/Book
Holdings
Withdrawn status Lost status Damaged status Not for loan Home library Current library Shelving location Date acquired Inventory number Total Checkouts Full call number Barcode Date last seen Date checked out Price effective from Koha item type
        San Juan Del Sur -- Biblioteca San Juan Del Sur -- Biblioteca Children's Area 21/08/2019 Inventory date: 15-5-25 4 JN ESpANOL 30009385 24/11/2025 22/11/2025 21/08/2019 Libro/Book
        San Juan Del Sur -- Biblioteca San Juan Del Sur -- Biblioteca   21/08/2019       30009459 21/08/2019   21/08/2019 Libro/Book

Powered by Koha